000 00801nas a2200265 4500
001 BR2013002751
003 BR-BrBNA
005 20231205122148.0
007 ta
008 230509b bl.|||p| |||| 00| 00por d
040 _aBR-BrBNA
_bpor
_cBiblioteca Nacional de Agricultura
041 _a(Pt)
072 _aM12
100 1 _aPaiva, M.P.
100 1 _aCarvalho, M.O.X.
100 1 _aFonteles Filho, A.A.
245 1 _aIdade e crescimento do badejo-mira, Mycteroperca rubra (BLOCK, 1793), no sudeste do Brazil
650 _aPEIXE DEMERSAL
650 _aIDADE
650 _aCRESCIMENTO
650 _aMORTALIDADE
773 0 _tArquivos de Ciências do Mar (Brazil)
_xISSN 0374-5686
_g(2004), v. 37 p. 7-14
_wBR2013002751
909 _a202311
_bLúcia
_c55
_dLúcia Elande
942 _2AGRIS
_n0
_cANA
999 _c227221
_d227221